| 000 | 00915nac a2200265 i 4500 | ||
|---|---|---|---|
| 003 | EG-ScBUE | ||
| 005 | 20250521085936.0 | ||
| 008 | 250426s1989 enka f b 001 0 eng d | ||
| 020 | _a0412362503 | ||
| 040 |
_aEG-ScBUE _beng _erda _cEG-ScBUE _dEG-ScBUE |
||
| 082 | 0 | 4 |
_a532 _bMAS _222 |
| 100 | 1 |
_aMassey, B. S., _eauthor. |
|
| 245 | 1 | 0 |
_aMechanics of fluids / _cB. S. Massey, reader (emeritus) in mechanical engineering, University College London. |
| 250 | _aSixth edition. | ||
| 264 | 1 |
_aLondon : _bEnglish Language Book Society/Chapman and Hall, _c1989. |
|
| 300 |
_axxvii, 599 pages : _billustrations ; _c24 cm |
||
| 336 |
_2rdacontent _atext _btxt |
||
| 337 |
_aunmediated _2rdamedia _bn |
||
| 338 |
_avolume _bnc _2rdacarrier |
||
| 500 | _aIncludes appendix. | ||
| 504 | _aIncludes bibliographical references and index. | ||
| 650 | 7 |
_aFluid mechanics. _2BUEsh |
|
| 655 | _vReading book | ||
| 942 |
_cBB _2ddc |
||
| 999 |
_c4474 _d4474 |
||